| 000 | 00929nam a2200241 a 4500 | ||
|---|---|---|---|
| 003 | CBULib | ||
| 005 | 20231117134353.0 | ||
| 008 | 111031s2011 ||||||||||||||||| || u | ||
| 040 |
_aCBULib _bEnglish _cCBULib _erda |
||
| 041 | _aeng | ||
| 050 | _aUNCTAD(02)2011/8 | ||
| 110 | _aUnited Nations Conference on Trade and Development (UNCTAD) | ||
| 245 | 1 | 0 |
_aRegional monetary cooperation and growth-enhancing policies: the new challenges for Latin America and the Caribbean _c/ by United Nations Conference on Trade and Development (UNCTAD) |
| 260 |
_aNew York : _bUnited Nations, _c2011. |
||
| 300 | _aix, 71 pages | ||
| 336 |
_2rdacontent _aText | _btxt |
||
| 337 |
_2rdamedia _aUnmediated | _bn |
||
| 338 |
_2rdacarrier _aVolume _bnc |
||
| 650 | _aECONOMIC COOPERATION--LATIN AMERICA | ||
| 650 | _aECONOMIC POLICY--CARIBBEAN AREA | ||
| 942 |
_2mc _c029 |
||
| 999 |
_c55916 _d55916 |
||